000
00283nam a22001337a 4500
008
170614b xxu||||| |||| 00| 0 eng d
020
_a
9780745632025
041
_a
eng
080
_a
32
100
_a
19
101
_a
SHP
245
_a
ISRAEL/ PALESTINE
_c
DOWTY,A
942
_2
udc
_c
BK
999
_c
17410
_d
17410